| 000 | 01346nam0a22003371 4500 | ||
|---|---|---|---|
| 001 | rc\2135136 | ||
| 005 | 20250623033313.0 | ||
| 035 | _a(NLR Aleph) 006547226 | ||
| 090 |
_a6700807 _c6700807 |
||
| 100 | _a20110826d1978 |||y0rusy50 ca | ||
| 101 | 0 | _arus | |
| 102 | _aRU | ||
| 105 | _aa z ||||| | ||
| 200 | 1 |
_aИспользование ЭВМ для размещения источников питания _eУчеб. пособие |
|
| 210 |
_aТомск _cТПИ _d1978 |
||
| 215 |
_a58 с. _cил. _d20 |
||
| 300 | _aВ надзаг.: Том. политехн. ин-т им. С.М. Кирова | ||
| 300 | _aВ вып. дан 2-й авт.: Рафаил Измайлович Закиров | ||
| 320 | _aСписок лит.: с. 56-57 (20 назв.) | ||
| 606 |
_aЭлектрические системы _xРазмещение _xОптимизация _2psbo |
||
| 686 |
_aз27-021.8с116,0 _2rubbk |
||
| 700 | 1 |
_aДульзон _bН.А. _gНиколай Андреевич |
|
| 701 | 1 |
_6z01790 _aЗакиров _bР.И. _gРафаиль Измайлович |
|
| 790 | 1 |
_6z01701 _aЗакиров _bР.И. _gРафаил Измайлович |
|
| 801 | 0 |
_aRU _bNLR _gpsbo |
|
| 801 | 1 |
_aRU _bELAR _2rusmarc |
|
| 852 |
_aNLR _j78-4/27940 |
||
| 899 |
_aRuMoRGB _jБ 78-56/142 |
||
| 899 |
_aRuMoRGB _jБ 78-56/143 |
||
| 942 | _cBOOK | ||
| 980 | _aNB | ||